| 000 | 00636nam a22002297a 4500 | ||
|---|---|---|---|
| 999 |
_c7513 _d7513 |
||
| 001 | 21181 | ||
| 003 | BD-DhUAP | ||
| 005 | 20210123155919.0 | ||
| 008 | 201102s20091996ii a|||| |||| 001 0 eng d | ||
| 020 | _a9788131706985 | ||
| 040 |
_aBD-DhUAP _bEng _cBD-DhUAP _dBD-DhUAP |
||
| 082 |
_223 _a511.5 WIL |
||
| 100 | _aWilson, Robin J. | ||
| 245 |
_aIntroduction to graph theory / _cRobin J. Wilson. |
||
| 250 | _a4th ed. | ||
| 260 |
_aNew Delhi : _bPearson, _cc1972 [2009]. |
||
| 300 |
_aviii, 171 pages : _billustrations ; _c24 cm. |
||
| 500 | _aIncludes index. | ||
| 650 | _aGraph theory. | ||
| 650 | _aMathematics. | ||
| 942 |
_2ddc _cBK |
||